000 01279cad a22002295a 4500
001 L147233
008 090417s2009 xxkad f s 000 0 eng d
035 _a(Sirsi) u147233
041 0 _aeng
050 0 4 _a333.33 $2 18
110 2 _aAtisreal
_95337
245 0 0 _aEuropean markets at a glance
_bQ1 2009
_h[electronic resource]
260 _a[S.l.]
_bAtisreal
_c2009
490 0 _aEuropean Markets at a Glance
_vFirst Quarter 2009
520 _aReports that the European Investment Market Index fell for the sixth quarter in a row, dropping by 34% in Q1 2009, the biggest fall recorded. Suggests that prices remain too high in comparison with buyer expectations, and therefore continue to decrease. Reveals that the European Prime Yield Index rose to 7% in Q1 2009, although the European Office Take-up Index dropped by 7%: the sixth consecutive quarter fall. Rents are decreasing in order to match supply and demand, and the Prime Rent Index fell by 11%, the biggest drop for four years.
590 _aKA
650 2 4 _aEUROPEAN MARKETS AT A GLANCE
651 4 _aEurope
690 _aPROPERTY-COMMERCIAL PROPERTY-COMMERCIAL PROPERTY MARKET
856 4 0 _uhttps://www.atisreal.com
_zView this report free of charge under market research at www.atisreal.com...
942 _n0
999 _c109485
_d109485